[Event "NLD-chT"]
[Site "?"]
[Date "1993.??.??"]
[Round "2"]
[White "Peelen, Piet"]
[Black "Kuijf, Marinus"]
[Result "1/2-1/2"]
[WhiteElo "2370"]
[BlackElo "2440"]

1.e4 c5 2.Nf3 Nc6 3.Nc3 Nf6 4.Be2 e5 5.O-O a6 6.d3 d6 7.Bg5 Be7 8.Nd2 Nxe4
9.Bxe7 Nxc3 10.Bxd8 Nxd1 11.Bc7 Nxb2 12.Bxd6 Nd4 13.Rae1 f6 14.Bxc5 Nxe2+
15.Rxe2 Na4 16.Ne4 Bg4 17.f3 Bh5 18.d4 Bg6 19.Bd6 O-O-O 20.dxe5 Rhe8 21.Ba3 Rxe5
22.Nd6+ Kb8 23.Rxe5 fxe5 24.Re1 Kc7 25.Nc4 b5 26.Nxe5 Bf5 27.g4 Be6 28.Nd3 Bxa2
29.Bb4 Rd7 30.Ne5 Rd5 31.Nd3 Bc4 32.Re7+ Rd7 33.Rxd7+ Kxd7 34.Nc5+ Nxc5 35.Bxc5 a5
36.Bb6 a4 37.Bc5 Kc6 38.Bf8 g6 39.Kf2 Be6 40.Ke3 Kd5 41.Kd3 h5 42.h3 Bf7
43.Ba3 g5 44.Be7 hxg4 45.hxg4 Bg6+ 46.Kc3 Bh7 47.Bxg5 b4+ 48.Kd2 b3 49.cxb3 axb3
50.Bf6 Ke6 51.Bb2 Bc2 52.f4 Bg6 53.Ke3 Bh7 54.Kf3 Bd3 55.Ke3 Bg6 56.Kf2 Bd3
57.Kf3 Bh7 58.Kg3 Kd5 59.Kh4 Ke4 60.Kg5 Kf3 61.f5 Kg3 62.f6 Bg8 63.Kf5 Bh7+
64.Ke5 Bg6 65.g5 Kg4 66.Bc1 b2 67.Bxb2 Kxg5 68.Bc1+  1/2-1/2

[Event "NOR-chT east"]
[Site "NOR"]
[Date "1993.??.??"]
[Round "7"]
[White "Moen, Ole Christian"]
[Black "Fossan, Petter"]
[Result "0-1"]
[WhiteElo "2245"]
[BlackElo "2315"]

1.e4 c5 2.Nf3 Nc6 3.Nc3 g6 4.Bb5 Bg7 5.O-O Nf6 6.Re1 O-O 7.e5 Ne8 8.Nd5 Nc7
9.Bxc6 dxc6 10.Nxc7 Qxc7 11.d3 Bg4 12.Bf4 Rad8 13.h3 Bxf3 14.Qxf3 e6 15.Bg5 Rd5
16.Bf6 Bxf6 17.Qxf6 Qd8 18.Qf4 Rd4 19.Re4 Rxe4 20.Qxe4 Qb6 21.b3 Rd8 22.a4 Rd4
23.Qe3 Qa5 24.Re1 Qc3 25.Re2 b5 26.axb5 cxb5 27.Qd2 Qxd2 28.Rxd2 c4 29.Kf1 a5
30.Ke2 cxb3 31.cxb3 Rd5 32.d4 a4 33.Kd3 f6 34.f4 g5 35.g3 gxf4 36.gxf4 Kf7
37.Kc3 Kg6 38.bxa4 bxa4 39.Kb4 fxe5 40.fxe5 Kf5 41.Kxa4 Ke4 42.Rg2 Rxd4+
43.Kb5 Kxe5 44.Rg5+ Kf6 45.Rg3 e5 46.Kc5 Kf5 47.Rg7 h5 48.Rh7 h4 49.Rh5+ Kf6
50.Kc6 e4 51.Rxh4 Ke5 52.Rh8 e3 53.Re8+ Kf4 54.h4 Re4 55.Rf8+ Kg3  0-1

[Event "Oberwart op"]
[Site "Oberwart"]
[Date "1993.??.??"]
[Round "7"]
[White "Pingitzer, Harald"]
[Black "Kiss, Attila"]
[Result "1/2-1/2"]
[WhiteElo "2260"]
[BlackElo "2345"]

1.e4 c5 2.Nc3 Nc6 3.Nf3 d6 4.d4 cxd4 5.Nxd4 Nf6 6.Bg5 e6 7.Be2 Be7 8.O-O O-O
9.Qd2 a6 10.Rad1 Bd7 11.Nf3 Qa5 12.Rfe1 Rad8 13.Bf1 Rfe8 14.h3 b5 15.a3 Bc8
16.Re3 Bb7 17.Rd3 Qc7 18.Bxf6 gxf6 19.Qh6 Kh8 20.Qh5 Bf8 21.Nh2 Ne5 22.Rg3 Ng6
23.Bd3 Qc5 24.Qg4 Bh6 25.Ne2 Rg8 26.b4 Qg5 27.c4 bxc4 28.Bxc4 Ne5 29.Qxg5 Bxg5
30.Ba2 Bxe4 31.Rd4 f5 32.f4 Bh4 33.Rxg8+ Rxg8 34.Rxe4 fxe4 35.fxe5 dxe5 36.Ng4 Rc8
37.Bb3 f5 38.Nxe5 Kg7 39.Nd7 Be7 40.Nd4 Rc1+ 41.Kf2 Kh6 42.Bxe6 f4 43.Nf5+ Kg5
44.h4+ Kh5 45.Nxe7 e3+ 46.Ke2 Rc2+ 47.Kf1 Rc1+ 48.Ke2 Rc2+ 49.Kd1 e2+ 50.Ke1  1/2-1/2

[Event "Oberwart op"]
[Site "Oberwart"]
[Date "1993.??.??"]
[Round "7"]
[White "Neumeier, Klaus"]
[Black "Berebora, Ferenc"]
[Result "1/2-1/2"]
[WhiteElo "2330"]
[BlackElo "2425"]

1.e4 c5 2.Nf3 Nc6 3.Nc3 d6 4.d4 cxd4 5.Nxd4 Nf6 6.Bc4 e6 7.Be3 a6 8.Qe2 Qc7
9.O-O-O Na5 10.Bd3 b5 11.Bg5 Be7 12.a3 Bd7 13.f4 Nc4 14.Bxc4 Qxc4 15.Qxc4 bxc4
16.e5 dxe5 17.fxe5 Nd5 18.Bxe7 Nxc3 19.bxc3 Kxe7 20.Kd2 Rab8 21.Rb1 Rhc8
22.Rhe1 Be8 23.g3 h6 24.h4 Rxb1 25.Rxb1 Rc5 26.Rb7+ Kf8 27.Nf3 Ra5 28.Rc7 Rxa3
29.Rxc4 Ra5 30.Rc7 Rd5+ 31.Ke3 Rd7 32.Rc5 Ke7 33.Ra5 Ra7 34.Kd4 Bc6 35.Ne1 Bb5
36.Kc5 Rc7+ 37.Kb4 Rc4+ 38.Kb3 Rg4 39.Nd3 Bc4+ 40.Ka3 Rxg3 41.Nb2 Bb5 42.Kb4 Rg2
43.c4 Rxc2 44.Kb3 Re2 45.Nd3 Bc6 46.Rxa6 Re3 47.Kc3 Be4 48.Ra7+ Ke8 49.Kd4 Rxd3+
50.Kxe4 Rd7 51.Ra8+ Rd8 52.Ra7 Rd7 53.Ra8+ Ke7 54.Rg8 f5+ 55.exf6+ gxf6 56.Rh8 Rc7
57.Kd4 Kd6 58.Rxh6 e5+ 59.Kd3 Ke6 60.Rh8 Kf5 61.h5 Kf4 62.h6 e4+ 63.Ke2 Rxc4
64.Rf8 Rc2+ 65.Kf1 Rh2 66.Rxf6+ Ke3 67.Ra6 Rh1+ 68.Kg2 Rh5  1/2-1/2

[Event "Olivos op"]
[Site "Olivos"]
[Date "1993.??.??"]
[Round "6"]
[White "Garbarino, Rodolfo"]
[Black "Pierrot, Facundo"]
[Result "1/2-1/2"]
[WhiteElo "2405"]
[BlackElo "2310"]

1.e4 c5 2.Nf3 Nc6 3.Nc3 Nf6 4.Bb5 Nd4 5.e5 Nxb5 6.Nxb5 Nd5 7.Ng5 f6 8.Qh5+ g6
9.Qf3 fxg5 10.Qxd5 a6 11.Nc3 Qc7 12.O-O Bg7 13.e6 Be5 14.h3 dxe6 15.Qf3 Bd7
16.d3 h6 17.Qe4 O-O-O 18.Re1 Bd6 19.Qxg6 Rdg8 20.Qh5 Kb8 21.Ne4 Be8 22.Qe2 Bc6  1/2-1/2

[Event "Osijek"]
[Site "Osijek"]
[Date "1993.??.??"]
[Round "6"]
[White "Sale, Srdjan"]
[Black "Dizdarevic, Emir"]
[Result "1-0"]
[WhiteElo "2405"]
[BlackElo "2540"]

1.e4 c5 2.Nc3 Nc6 3.Nge2 d6 4.d4 cxd4 5.Nxd4 Nf6 6.Bc4 e6 7.Bb3 Be7 8.O-O O-O
9.Be3 Na5 10.f4 b6 11.e5 dxe5 12.fxe5 Ne8 13.Qh5 Nxb3 14.Nc6 Qc7 15.Nxe7+ Qxe7
16.axb3 Bb7 17.Rf4 f5 18.Nb5 Nc7 19.Nd6 Nd5 20.Rh4 g6 21.Qg5 Qg7 22.Bd4 Nb4
23.Qd2 Nc6 24.Bc3 Nd8 25.Qf2 Bd5 26.Rha4 Qd7 27.Rd4 Nf7 28.Rxd5 exd5 29.Nxf7 Qxf7
30.e6 Qe7 31.b4 Rac8 32.Qe3 Rc4 33.Qe5 Rxc3 34.bxc3 Rd8 35.Re1 Rd6 36.Qxd6 Qxd6
37.e7  1-0

[Event "Oviedo rapid"]
[Site "Oviedo"]
[Date "1993.??.??"]
[Round "6"]
[White "Fernandez Garcia, Jose L"]
[Black "Sveshnikov, Evgeny"]
[Result "0-1"]
[WhiteElo "2445"]
[BlackElo "2570"]

1.e4 c5 2.Nf3 Nc6 3.Nc3 e5 4.Bc4 Be7 5.d3 Nf6 6.O-O O-O 7.Nd5 d6 8.Nxe7+ Nxe7
9.Bg5 Ng6 10.Nh4 Nxh4 11.Bxh4 h6 12.Bxf6 Qxf6 13.Qd2 Be6 14.c3 Rad8 15.Qe3 b6
16.b4 Rc8 17.b5 Rcd8 18.Rae1 Rfe8 19.Bd5 Bxd5 20.exd5 Qg6 21.a4 a5 22.Qg3 Qg5
23.Qxg5 hxg5 24.Re4 f5 25.Rc4 Kf7 26.f3 Kf6 27.Re1 Rh8 28.h3 Rh6 29.Kf2 Rdh8
30.d4 Re8 31.dxc5 dxc5 32.Rd1 Rd8 33.Kg3 Rhh8 34.Rd2 Rd6 35.Rd1 Rhd8 36.Kf2 Rxd5
37.Rxd5 Rxd5 38.Ke2 Rd8 39.h4 Rh8 40.hxg5+ Kxg5 41.g3 Rh2+ 42.Kf1 Kf6 43.Kg1 Rh8
44.Kf2 Ke6 45.Rh4 Rxh4 46.gxh4 Kd5 47.h5 Kc4 48.Kg3 e4 49.fxe4 fxe4 50.Kf4 Kd3
51.Ke5 e3 52.Kd6 Kxc3 53.Kc6 e2  0-1

[Event "Oviedo rapid"]
[Site "Oviedo"]
[Date "1993.??.??"]
[Round "13"]
[White "Tseshkovsky, Vitaly"]
[Black "Sherbakov, Ruslan"]
[Result "1-0"]
[WhiteElo "2495"]
[BlackElo "2580"]

1.e4 c5 2.Nc3 Nc6 3.Nge2 e5 4.Nd5 g6 5.Nec3 Nd4 6.a4 d6 7.Nb5 Ne6 8.c3 Bg7
9.Na3 Ne7 10.Bb5+ Nc6 11.d3 O-O 12.O-O Ne7 13.Bc4 Kh8 14.Nc2 f5 15.Nxe7 Qxe7
16.Ne3 f4 17.Nd5 Qd8 18.a5 Rb8 19.Bd2 Bd7 20.b4 cxb4 21.Nxb4 f3 22.g3 Qe8
23.Nd5 g5 24.Kh1 Qh5 25.Rg1 Nc5 26.Be3 g4  1-0

[Event "Pardubice op"]
[Site "Pardubice"]
[Date "1993.??.??"]
[Round "1"]
[White "Hausner, Ivan"]
[Black "Te, Roza"]
[Result "1-0"]
[WhiteElo "2465"]
[BlackElo "2240"]

1.e4 c5 2.Nc3 Nc6 3.Nge2 d6 4.d4 cxd4 5.Nxd4 Nf6 6.Be3 e5 7.Nb3 Be7 8.Qe2 O-O
9.O-O-O a5 10.Na4 Be6 11.Kb1 Qe8 12.Nb6 Rd8 13.f3 Nb4 14.a3 Nc6 15.g4 Nd7
16.Nd5 Rc8 17.Qb5 b6 18.Qa4 Qd8 19.Ba6 Bxd5 20.exd5 Na7 21.Bxc8 Nxc8 22.h4 Qc7
23.g5 Nc5 24.Bxc5 dxc5 25.Qc6 Qb8 26.Nd2 Nd6 27.Ne4 Rd8 28.Nxd6 Bxd6 29.c4 Bc7
30.d6 Bxd6 31.Rd5 Bf8 32.Rhd1 Re8 33.Rd7 Re6 34.Qb7 Qxb7 35.Rxb7 f6 36.Rd8 fxg5
37.hxg5 Rd6 38.Rxd6 Bxd6 39.g6 hxg6 40.Kc2  1-0

[Event "Pardubice op"]
[Site "Pardubice"]
[Date "1993.??.??"]
[Round "3"]
[White "Vepkhvishvili, Varlam"]
[Black "Tunik, Gennady"]
[Result "0-1"]
[WhiteElo "2330"]
[BlackElo "2490"]

1.e4 c5 2.Nc3 Nc6 3.Nge2 e5 4.g3 g6 5.Bg2 Bg7 6.O-O Nge7 7.d3 d6 8.Bg5 h6
9.Be3 O-O 10.Qd2 Kh7 11.Kh1 Rb8 12.f4 exf4 13.gxf4 f5 14.e5 dxe5 15.Bxc5 b6
16.Be3 Bb7 17.Rae1 Qd7 18.Ng1 Rbe8 19.Nf3 Ng8 20.Qf2 Nf6 21.Qh4 Nh5 22.Ne2 Nb4
23.fxe5 Nxc2 24.Nf4 Nxe1 25.Rxe1 Bxf3 26.Bxf3 Nxf4 27.Bxf4 Qxd3 28.Qf2 Qc4
29.Qg3 g5 30.Bd2 Rxe5 31.Rg1 Qd3 32.Bc3 Re3 33.Qc7 Rg8 34.Rd1 Re7 35.Qc6 Qc2
36.Rd7 Qf2 37.h3 Rxd7 38.Bh5 Qf1+ 39.Kh2 Rd2+  0-1

[Event "Pardubice op"]
[Site "Pardubice"]
[Date "1993.??.??"]
[Round "5"]
[White "Onoprienko, Vladimir"]
[Black "Reinderman, Dimitri"]
[Result "0-1"]
[WhiteElo "2290"]
[BlackElo "2435"]

1.e4 c5 2.Nc3 Nc6 3.Nf3 Nf6 4.e5 Ng4 5.Qe2 Qc7 6.Nd5 Qb8 7.d4 e6 8.h3 Ngxe5
9.dxe5 exd5 10.Bf4 Nd8 11.O-O-O Ne6 12.Bg3 d4 13.Nd2 d5 14.f4 g6 15.Qf3 Nc7
16.Bh4 b5 17.Bf6 Rg8 18.c3 Qb6 19.cxd4 c4 20.g4 Ne6 21.Kb1 Bb7 22.f5 Nxd4
23.Qf4 gxf5 24.gxf5 Bc5 25.Qh6 b4 26.Qxh7 Rf8 27.Ne4 dxe4 28.Bxc4 e3 29.Rxd4 Bxd4
30.Rd1 Be4+ 31.Ka1 Rc8 32.Rxd4 Qxd4 33.Bxf7+ Rxf7 34.Qg8+ Kd7 35.e6+ Kd6  0-1

[Event "Pardubice op"]
[Site "Pardubice"]
[Date "1993.??.??"]
[Round "8"]
[White "Reinderman, Dimitri"]
[Black "Kuporosov, Viktor"]
[Result "0-1"]
[WhiteElo "2435"]
[BlackElo "2500"]

1.e4 c5 2.Nc3 Nc6 3.Nge2 e6 4.g3 Nf6 5.Bg2 Be7 6.O-O O-O 7.h3 a6 8.d3 b5
9.e5 Ne8 10.Bxc6 dxc6 11.Ne4 f5 12.exf6 Nxf6 13.Kg2 e5 14.f3 Be6 15.b3 Qd7
16.g4 Rad8 17.Be3 c4 18.dxc4 Qc8 19.Qe1 Nxe4 20.fxe4 Rxf1 21.Qxf1 Rf8 22.Qg1 h5
23.Bc5 Bxc5 24.Qxc5 Bxg4 25.hxg4 Qxg4+ 26.Ng3 h4 27.Qe3 hxg3 28.Qxg3 Qxe4+
29.Kh2 Rf4  0-1

[Event "Pardubice op"]
[Site "Pardubice"]
[Date "1993.??.??"]
[Round "9"]
[White "Onoprienko, Vladimir"]
[Black "Lugovoi, Aleksei"]
[Result "0-1"]
[WhiteElo "2290"]
[BlackElo "2390"]

1.e4 c5 2.Nc3 Nc6 3.Nge2 d6 4.d4 cxd4 5.Nxd4 Nf6 6.Bc4 Qb6 7.Ndb5 a6 8.Be3 Qa5
9.Nd4 e6 10.Bb3 Nxe4 11.Nxc6 bxc6 12.Qf3 d5 13.O-O Nxc3 14.Bd2 Bb4 15.bxc3 Be7
16.Rad1 Qb5 17.Rfe1 O-O 18.a4 Qc5 19.c4 d4 20.c3 Bf6 21.cxd4 Bxd4 22.Bc2 e5
23.Rb1 a5 24.Bc1 Qxc4 25.Ba3 Qxc2 26.Bxf8 Kxf8 27.Rec1 Qxa4 28.h3 Be6 29.Rb7 Bd5
30.Qf5 g6 31.Qf6 e4 32.Qe7+ Kg7 33.Rcb1 Qa2 34.Qh4 c5  0-1

[Event "Paris-ch"]
[Site "Paris"]
[Date "1993.??.??"]
[Round "1"]
[White "Jaulin, Marc"]
[Black "Nikcevic, Nebojsa"]
[Result "0-1"]
[WhiteElo "2260"]
[BlackElo "2395"]

1.e4 c5 2.Nc3 Nc6 3.Nge2 g6 4.d4 cxd4 5.Nxd4 Bg7 6.Be3 Nf6 7.Bc4 O-O 8.Bb3 a5
9.a4 Ng4 10.Qxg4 Nxd4 11.Bxd4 Bxd4 12.O-O-O Bxc3 13.bxc3 b5 14.axb5 a4 15.Ba2 Qa5
16.Qg3 Qxb5 17.Rd4 d6 18.Kd2 Be6 19.Rb1 Qc5 20.Bd5 Bxd5 21.Rxd5 Qc6 22.Qd3 a3
23.Qb5 Qc7 24.Ra1 Rfb8 25.Qd3 Qb6 26.Qd4 Qb2 27.c4 Ra4 28.Qc3 Rbb4 29.Rb5 Rxb5
30.cxb5 Rd4+  0-1

[Event "Paris-ch"]
[Site "Paris"]
[Date "1993.??.??"]
[Round "2"]
[White "Mitkov, Nikola"]
[Black "Zigura, Oleg"]
[Result "1-0"]
[WhiteElo "2505"]
[BlackElo "2290"]

1.e4 c5 2.Nc3 Nc6 3.Nf3 g6 4.d4 cxd4 5.Nxd4 Bg7 6.Be3 Nf6 7.Bc4 O-O 8.Bb3 a5
9.f3 d5 10.Bxd5 Nxd4 11.Bxd4 e6 12.Bb3 a4 13.Nxa4 b5 14.Nc3 b4 15.Ne2 Ba6
16.Bc5 Nh5 17.Qxd8 Rfxd8 18.Bxb4 Bxb2 19.Rb1 Be5 20.g3 Rac8 21.Kf2 g5 22.Rhd1 Nf6
23.Rxd8+ Rxd8 24.Ke1 g4 25.f4 Bc7 26.Nc3 Rd4 27.Bc5 Rxe4+ 28.Nxe4 Nxe4 29.Bb4 Bb6
30.c4 Bd4 31.Rc1 h5 32.Rc2 h4 33.gxh4 Bb7 34.c5 Bc6 35.Rg2 Nf6 36.Rd2 e5
37.fxe5 Bxe5 38.a4 Kg7 39.a5 Ne4 40.Bd5 Nxd2 41.Bxc6 Nc4 42.a6 Bb8 43.Bc3+ Kg6
44.Ke2 Kf5 45.Bb5 Ne5 46.c6  1-0

[Event "Paris-ch"]
[Site "Paris"]
[Date "1993.??.??"]
[Round "4"]
[White "Mitkov, Nikola"]
[Black "Bernard, Christophe"]
[Result "1-0"]
[WhiteElo "2505"]
[BlackElo "2365"]

1.e4 c5 2.Nc3 Nc6 3.Nf3 Nf6 4.d4 cxd4 5.Nxd4 d6 6.Bc4 e6 7.Be3 Qc7 8.Bb3 a6
9.f4 Be7 10.Qf3 O-O 11.O-O-O Bd7 12.g4 Nxd4 13.Bxd4 e5 14.fxe5 dxe5 15.Qg3 Bd6
16.Be3 Bc6 17.Qf3 Bb4 18.g5 Nd7 19.g6 Kh8 20.gxf7 Bxc3 21.Rhg1 Bd4 22.Rxg7 Bxe3+
23.Qxe3 Nf6 24.Qg5 Rad8 25.Rg1  1-0

[Event "RUS-sf"]
[Site "Perm"]
[Date "1993.??.??"]
[Round "?"]
[White "Pozin, Sergey"]
[Black "Ikonnikov, D."]
[Result "1/2-1/2"]
[WhiteElo "2340"]
[BlackElo "2390"]

1.e4 c5 2.Nc3 Nc6 3.Nge2 Nf6 4.d4 cxd4 5.Nxd4 e5 6.Nf5 d5 7.exd5 Bxf5 8.dxc6 bxc6
9.Qf3 Qd7 10.Bg5 e4 11.Qe3 Ng4 12.Qe2 Bc5 13.Nxe4 Bxe4 14.Qxe4+ Kf8 15.Be2 Re8
16.Qc4 Bxf2+ 17.Kf1 Bd4 18.c3 Qf5+ 19.Bf3 Ne5 20.Qxd4 Qxg5 21.Re1 h5 22.h4 Qf5
23.Rh3 Rh6 24.Rg3 Rhe6 25.Rg5 Qf6 26.Rxh5 Kg8 27.Re3 Ng4 28.Rxe6 Qxe6 29.Qd2 Qg6
30.Bxg4 Qxg4 31.Rc5 Qxh4 32.Rxc6 Qh1+ 33.Kf2 Qh4+ 34.Kf1 Re4 35.Rd6 Qh1+
36.Kf2 Qh4+  1/2-1/2

[Event "Pinsk-B"]
[Site "Pinsk"]
[Date "1993.??.??"]
[Round "4"]
[White "Zhelnin, Vladimir V"]
[Black "Fedorov, Alexei"]
[Result "1/2-1/2"]
[WhiteElo "2430"]
[BlackElo "2490"]

1.e4 c5 2.Nc3 Nc6 3.Nge2 d6 4.d4 cxd4 5.Nxd4 g6 6.Be3 Bg7 7.Be2 Nf6 8.O-O O-O
9.Nb3 Be6 10.f4 Qc8 11.Kh1 Rd8 12.Bd3 d5 13.f5 dxe4 14.fxe6 exd3 15.exf7+ Kxf7
16.cxd3 b6 17.Qe2 Kg8 18.Bg1 Qd7 19.d4 Rac8 20.Rae1 Nd5 21.Ne4 h6 22.Ned2 Rf8
23.Qe4 Rf5 24.Qg4 Kh7 25.Nf3 Rd8 26.Nh4 Rg5 27.Qxd7 Rxd7 28.Rc1 Nd8 29.h3 Nb4
30.a3 Nd3 31.Rc2 Rb5 32.Na1 Rxb2 33.Rc3 Nc5 34.Re1 Nce6 35.Nc2 Nf4 36.Rc8 Nf7
37.Bh2 Nd6 38.Rc6 Nd5 39.Be5 b5 40.Bxg7 Kxg7 41.Ne3 Nxe3 42.Rxe3 b4 43.axb4 Rxb4
44.Nf3 Rb6 45.Rc1 a5 46.Ne5 Rdb7 47.Ra3 Ra6 48.Nd3 Ra8 49.Nc5 Rba7 50.Ra4 h5
51.Kh2 h4 52.Nb3 Nf5 53.Nd2 Rd8 54.Nf3 Rd5 55.Rca1 Kf6 56.Kg1 Ke6 57.Kf2 Kd6
58.R1a2 Kc7 59.Ke2 Kb6 60.Kd3 Rad7 61.Ke4 e6 62.Rd2 Ng3+ 63.Kd3 e5 64.Rb2+ Ka6
65.Ke3 exd4+ 66.Kd3 Nf5 67.Rc4 R5d6 68.Rc8 Rd8 69.Rc5 Rb6 70.Ra2 Rb3+ 71.Kd2 Rb5
72.Rc6+ Kb7 73.Rxg6 Ne3 74.Rg7+ Kb8  1/2-1/2

[Event "Podgorica"]
[Site "Podgorica"]
[Date "1993.??.??"]
[Round "1"]
[White "Marinkovic, Ivan"]
[Black "Zontakh, Andrey"]
[Result "1/2-1/2"]
[WhiteElo "2445"]
[BlackElo "2455"]

1.e4 c5 2.Nf3 Nc6 3.Nc3 e6 4.g3 g6 5.d4 cxd4 6.Nxd4 a6 7.Be3 Nge7 8.Bg2 Bg7
9.Nxc6 Nxc6 10.Qd6 Qe7 11.Qxe7+ Kxe7 12.O-O-O d6 13.Na4 b5 14.e5 d5 15.Bc5+ Ke8
16.Nb6 Rb8 17.f4  1/2-1/2

[Event "Podgorica"]
[Site "Podgorica"]
[Date "1993.??.??"]
[Round "8"]
[White "Kontic, Djordje"]
[Black "Zontakh, Andrey"]
[Result "0-1"]
[WhiteElo "2400"]
[BlackElo "2455"]

1.e4 c5 2.Ne2 Nc6 3.Nbc3 Nf6 4.g3 d5 5.exd5 Nxd5 6.Bg2 Nxc3 7.bxc3 g6 8.d4 Bg7
9.Be3 Bg4 10.d5 Ne5 11.Bxc5 Qa5 12.Bd4 O-O 13.O-O Rac8 14.f3 Bf5 15.g4 Bd7
16.Ng3 Rfe8 17.Re1 Qc7 18.Ne4 b6 19.h3 Nc4 20.Bxg7 Kxg7 21.Qd4+ Kg8 22.Nf2 Nd6
23.Re3 Nb5 24.Qd2 Nxc3 25.Rae1 Qc5 26.f4 b5 27.f5 b4 28.fxg6 hxg6 29.h4 Qd6
30.h5 Qf6 31.Rf3 Qg7 32.h6 Qh7 33.g5 Bf5 34.Bh3 Rcd8 35.Re5 Qh8 36.Rexf5 gxf5
37.Rxf5 Qd4 38.h7+ Kxh7 39.Rxf7+ Kg8 40.Qxd4 Ne2+ 41.Kg2 Nxd4 42.g6 Rxd5
43.Ne4 Re5  0-1

[Event "Podgorica"]
[Site "Podgorica"]
[Date "1993.??.??"]
[Round "10"]
[White "Kontic, Djordje"]
[Black "Levin, Felix"]
[Result "0-1"]
[WhiteElo "2400"]
[BlackElo "2505"]

1.e4 c5 2.Ne2 Nc6 3.Nbc3 d6 4.d4 cxd4 5.Nxd4 Nf6 6.Bc4 Qb6 7.Nb3 e6 8.O-O Be7
9.Bg5 Ne5 10.Bb5+ Bd7 11.a4 a6 12.a5 Qc7 13.Bd3 O-O 14.f4 Nxd3 15.cxd3 b5
16.d4 b4 17.e5 bxc3 18.exf6 Bxf6 19.Bxf6 gxf6 20.Rc1 Kh8 21.Rxc3 Qb7 22.d5 Rg8
23.Qd4 e5 24.fxe5 fxe5 25.Qh4 Qxd5 26.Qf6+ Rg7 27.Rg3 Rg8 28.Rxg7 Rxg7 29.Qd8+ Be8
30.Rf3 Qc6 31.Nd2 Qc1+ 32.Rf1 Qxd2 33.Qxe8+ Rg8 34.Qc6 Qxb2 35.g3 Qd4+ 36.Rf2 e4
37.Qxa6 e3 38.Re2 Rb8 39.Kg2 Qe4+ 40.Kh3 Rg8 41.Qb5 Rg6 42.Qb2+ Kg8  0-1

[Event "Podgorica"]
[Site "Podgorica"]
[Date "1993.??.??"]
[Round "10"]
[White "Makarov, Marat"]
[Black "Damljanovic, Branko"]
[Result "1-0"]
[WhiteElo "2515"]
[BlackElo "2550"]

1.e4 c5 2.Nc3 Nc6 3.Nf3 e6 4.Bb5 Nd4 5.O-O a6 6.Bd3 Nxf3+ 7.Qxf3 d6 8.Nd1 Ne7
9.b3 Bd7 10.Bb2 Ng6 11.Qg3 e5 12.f4 exf4 13.Rxf4 Nxf4 14.Qxf4 Be6 15.Ne3 Be7
16.Bxg7 Bg5 17.Qf3 Rg8 18.Bc3 Bxe3+ 19.Qxe3 Qh4 20.Rf1 O-O-O 21.Bf6 Qg4 22.Qf3 Rd7
23.Qxg4 Bxg4 24.Rf4 h5 25.Kf2 d5 26.e5 b5 27.h3 c4 28.Bh7  1-0

[Event "Podgorica"]
[Site "Podgorica"]
[Date "1993.??.??"]
[Round "12"]
[White "Marinkovic, Ivan"]
[Black "Poluljahov, Aleksandr"]
[Result "1/2-1/2"]
[WhiteElo "2445"]
[BlackElo "2515"]

1.e4 c5 2.Nf3 Nc6 3.Nc3 e6 4.g3 d6 5.Bg2 Nf6 6.d4 cxd4 7.Nxd4 Bd7 8.O-O Be7
9.Nxc6 Bxc6 10.a4 O-O 11.Qe2 a6 12.Be3 Qc7 13.a5 Nd7 14.Rfb1 Bf6 15.Na4 Bb5
16.Qd1 Rac8 17.c3 Qb8 18.Nb6 Nxb6 19.axb6 Rc4 20.Qb3 Rc6 21.Bf1 Bxf1 22.Rxf1 Qe8
23.Rfd1  1/2-1/2

[Event "Polanica Zdroj op"]
[Site "Polanica Zdroj"]
[Date "1993.??.??"]
[Round "4"]
[White "Borkowski, Franciszek"]
[Black "Klimaszewski, Dariusz"]
[Result "1-0"]
[WhiteElo "2435"]
[BlackElo "2275"]

1.e4 c5 2.Nc3 Nc6 3.Nge2 e6 4.g3 Rb8 5.Bg2 b5 6.d4 b4 7.Na4 cxd4 8.Nxd4 Ba6
9.Nxc6 dxc6 10.Qxd8+ Rxd8 11.Be3 Bb5 12.Nc5 Nf6 13.h3 Nd7 14.Nb7 Rb8 15.Na5 Be7
16.O-O-O Nb6 17.Bf4 Rc8 18.Bd6 Bxd6 19.Rxd6 Ke7 20.e5 c5 21.Rhd1 Rc7 22.f4 Rhc8
23.Bb7 Rb8 24.Bc6 Ba6 25.b3 g6 26.g4 Kf8 27.h4 Be2 28.Rd8+ Rxd8 29.Rxd8+ Kg7
30.g5 Ba6 31.Kd2 Nc8 32.c4 Ne7 33.Be4 Bc8 34.Kc2 h6 35.Kb2 hxg5 36.hxg5 Ba6
37.a3 Bc8 38.axb4 cxb4 39.Rd6 Bd7 40.c5 Nc8 41.c6 Be8 42.Rd4 Kf8 43.Rxb4 Ke7
44.Rb8 Nb6 45.b4  1-0

[Event "Polanica Zdroj op"]
[Site "Polanica Zdroj"]
[Date "1993.??.??"]
[Round "4"]
[White "Landa, Konstantin"]
[Black "Pisulinski, Jan"]
[Result "1/2-1/2"]
[WhiteElo "2455"]
[BlackElo "2370"]

1.e4 c5 2.Nc3 Nc6 3.Nf3 e5 4.Bc4 Be7 5.d3 Nf6 6.Ng5 O-O 7.f4 exf4 8.Bxf4 d5
9.exd5 Nd4 10.O-O Bg4 11.Qd2 b5 12.Nxb5 Nxb5 13.Bxb5 Nxd5 14.Bc4 h6 15.Ne4 Kh7
16.c3 f5 17.Nf2 Nxf4 18.Qxf4 Bd6 19.Qd2 Bh5 20.Rae1 Qc7 21.h3 Bf4 22.Qc2 Qd8
23.Nh1 Qc7 24.Nf2 Rad8 25.Nd1 Bg3 26.Re6 Bf7 27.Re2 Bh5 28.Re6 Rde8 29.d4 cxd4
30.Rxe8 Rxe8 31.cxd4 g6 32.Qb3 Qd6 33.Kh1 Qxd4  1/2-1/2

[Event "Rubinstein mem"]
[Site "Polanica Zdroj"]
[Date "1993.??.??"]
[Round "7"]
[White "Gdanski, Jacek"]
[Black "Sax, Gyula"]
[Result "1/2-1/2"]
[WhiteElo "2485"]
[BlackElo "2515"]

1.e4 c5 2.Nc3 Nc6 3.Nf3 g6 4.Bb5 Bg7 5.Bxc6 bxc6 6.O-O e5 7.d3 Ne7 8.Be3 d6
9.Nd2 O-O 10.f4 exf4 11.Bxf4 d5 12.Kh1 f5 13.Bg5 h6 14.Bxe7 Qxe7 15.exd5 Bxc3
16.d6 Qxd6 17.bxc3 Bd7 18.Qf3 Rfe8 19.Qf2 Re6 20.Nb3 Re5 21.Rae1 Rae8 22.c4 f4
23.Rxe5 Rxe5 24.Kg1 g5 25.Re1 g4 26.Rxe5 Qxe5 27.Kf1 g3 28.hxg3 fxg3 29.Qxc5 Qf4+
30.Ke1 Qh4 31.Nd2 Qh1+ 32.Nf1 Qxg2 33.Qe3 Qxc2 34.Nxg3 Qb1+ 35.Kf2 Qxa2+
36.Kf3 Qb1 37.Qd4 Qd1+ 38.Kf2 Qg4 39.Qxa7 Qf4+ 40.Kg2 Qd2+ 41.Qf2 Qxd3 42.Qf4 Qc2+
43.Kf3 Qd3+ 44.Kf2 Qg6 45.Ke3 h5 46.Ne4 Be6 47.Qb8+ Kh7 48.Qc7+ Bf7 49.Nd6 Qe6+  1/2-1/2

[Event "Polanica Zdroj op"]
[Site "Polanica Zdroj"]
[Date "1993.??.??"]
[Round "10"]
[White "Landa, Konstantin"]
[Black "Bator, Robert"]
[Result "1-0"]
[WhiteElo "2455"]
[BlackElo "2380"]

1.e4 c5 2.Nc3 Nc6 3.Nf3 e5 4.Bc4 d6 5.d3 h6 6.O-O Be7 7.Ne1 Bg5 8.Qh5 g6
9.Qd1 Bxc1 10.Rxc1 g5 11.Nd5 Be6 12.c3 Nce7 13.Ne3 Nf6 14.d4 O-O 15.Bxe6 fxe6
16.dxe5 dxe5 17.Qb3 Qb6 18.Qc2 Qc6 19.Nf3 Ng6 20.Nc4 Ng4 21.a4 Rf4 22.h3 Nf6
23.Ncxe5 Nxe5 24.Nxe5 Qc7 25.Ng6 Rxe4 26.Rfe1 Rxe1+ 27.Rxe1 Re8 28.Ne5 Qh7
29.Qb3 b6 30.Qb5 Qc7 31.Ng4 Rf8 32.Nxf6+ Rxf6 33.Qe8+ Kg7 34.Rxe6 Rxe6 35.Qxe6 Qf4
36.Qd7+ Kf6 37.Qd1 c4 38.g3 Qe4 39.Qd6+ Kf7 40.Qd7+ Kg6 41.Qg4 Qc6 42.h4 Qxa4
43.h5+ Kf6 44.Qd4+ Kf7 45.Qd5+ Ke7 46.Qe5+ Kd8 47.Qf6+ Ke8 48.Qe6+ Kd8 49.Qxh6 Qd1+
50.Kh2 Qd2 51.Qf6+ Ke8 52.h6 Qc2 53.Qe6+ Kf8 54.Kg2 Qh7 55.Qf6+ Ke8 56.Qxg5 Kf7
57.Qf4+ Kg6 58.Qxc4 Qb7+ 59.f3 Kxh6 60.g4 b5 61.Qe6+ Kg5 62.Qf5+ Kh6 63.Qf6+ Kh7
64.g5 b4 65.g6+ Kh6 66.g7+ Kh7 67.Qf8 Qxg7+ 68.Qxg7+ Kxg7 69.cxb4 Kf6 70.b5 Ke5  1-0

[Event "Policka"]
[Site "Policka"]
[Date "1993.??.??"]
[Round "4"]
[White "Hausner, Ivan"]
[Black "Koerholz, Ludger"]
[Result "1/2-1/2"]
[WhiteElo "2465"]
[BlackElo "2295"]

1.e4 c5 2.Nc3 Nc6 3.Nge2 g6 4.d4 cxd4 5.Nxd4 Bg7 6.Be3 Nf6 7.Be2 O-O 8.Nb3 d6
9.f4 Be6 10.g4 Na5 11.g5 Nd7 12.Bd4 f6 13.h4 fxg5 14.Bxg7 Kxg7 15.f5 Nxb3
16.fxe6 Nxa1 17.exd7 Nxc2+ 18.Qxc2 Qxd7 19.hxg5 Qe6 20.Qd3 Rac8 21.Qg3 Qf7
22.e5 Rc5 23.exd6 exd6 24.Qh4 Kh8 25.Rf1 Rf5 26.Qd4+ Qg7 27.Qxd6 Rxf1+ 28.Bxf1 Re8+
29.Kd2 Qe5 30.Qf6+ Qxf6 31.gxf6 Re6 32.f7 Kg7 33.Bc4 Re5 34.Nb5 h5 35.Nd6 Kf8
36.Kd3 h4 37.Ne4 b5 38.Bb3 Rf5 39.Be6 Re5 40.Bb3 Rf5 41.Be6 Re5  1/2-1/2

[Event "Porz op29"]
[Site "Porz"]
[Date "1993.??.??"]
[Round "6"]
[White "Auer, Martin"]
[Black "Stripunsky, Alexander"]
[Result "0-1"]
[WhiteElo "2300"]
[BlackElo "2490"]

1.e4 c5 2.Nf3 Nc6 3.Nc3 d6 4.d4 cxd4 5.Nxd4 e5 6.Nf5 Bxf5 7.exf5 Nge7 8.Qh5 Qd7
9.Bd3 d5 10.f3 Ng8 11.Bd2 Nf6 12.Qh3 O-O-O 13.O-O-O Bb4 14.Rhe1 Rhe8 15.g4 h6
16.Qg3 d4 17.Ne4 Nd5 18.Bb5 Qc7 19.Kb1 Bxd2 20.Rxd2 f6 21.Rc1 Kb8 22.Qe1 Qb6
23.Bxc6 Qxc6 24.Rd3 Rc8 25.Rb3 Red8 26.Nf2 Ne3 27.Qe2 Rd5 28.Ne4 Nc4 29.Qd3 a5
30.a3 Rb5 31.Ka2 a4 32.Rb4 Rxb4 33.axb4 Qd5 34.Kb1 Qb5  0-1

[Event "ROM-chT"]
[Site "ROM"]
[Date "1993.??.??"]
[Round "9"]
[White "Pavlov, Mircea"]
[Black "Biriescu, Ioan"]
[Result "1/2-1/2"]
[WhiteElo "2385"]
[BlackElo "2340"]

1.e4 c5 2.Nc3 Nc6 3.Bb5 Nd4 4.Bc4 e6 5.Nf3 Ne7 6.Nxd4 cxd4 7.Ne2 Nc6 8.O-O Bc5
9.d3 O-O 10.Bd2 Ne7 11.Nf4 d5 12.Bb3 dxe4 13.dxe4 Bd7 14.Qh5 Rc8 15.Nd3 Bb6
16.a4 Nc6  1/2-1/2

[Event "Rostov op"]
[Site "Rostov"]
[Date "1993.??.??"]
[Round "?"]
[White "Tseshkovsky, Vitaly"]
[Black "Galliamova, Alisa"]
[Result "1/2-1/2"]
[WhiteElo "2540"]
[BlackElo "2445"]

1.e4 c5 2.Nf3 Nc6 3.Nc3 d6 4.d4 cxd4 5.Nxd4 Nf6 6.Bg5 e6 7.Qd2 a6 8.O-O-O h6
9.Bf4 Bd7 10.Nxc6 Bxc6 11.Qe1 Qc7 12.e5 dxe5 13.Bxe5 Qb6 14.f3 Nd7 15.Bd4 Bc5
16.Qh4 g5 17.Qf2 O-O-O 18.Bc4 h5 19.Rhe1 Bxd4 20.Rxd4 Nc5 21.Red1 Rxd4 22.Rxd4 Qc7
23.b4 Na4 24.Nxa4 Bxa4 25.Bd3 Kb8 26.h4 gxh4 27.Qxh4 Qe5 28.Qf4 Qxf4+ 29.Rxf4 f5
30.Rh4 Rg8 31.Bf1 Be8 32.Rd4 Kc7 33.Kd2 Bf7 34.f4 Be8 35.Ke3 Bc6 36.Kf2 h4
37.Rd2 Rg4 38.Ke3 Rg3+ 39.Kd4 Kd6 40.c4 h3 41.gxh3 Rf3 42.c5+ Ke7 43.Bg2 Rxf4+
44.Kc3 Rh4 45.Bxc6 Rxh3+ 46.Kc4 bxc6 47.Rd6 Ra3 48.Rxc6 Rxa2 49.Kb3 Ra1 50.Kb2 Ra4
51.Kb3 Ra1 52.Kb2 Ra4 53.Kb3 Ra1  1/2-1/2